Statistics for Cities with over 5 million people

Click here to take the quiz!

General Stats

  • This quiz has been taken 22 times
  • The average score is 43 of 57

Answer Stats

CountryPopulation (millions)City% Correct
China21.8Beijing
100%
Russia12.5Moscow
100%
China24.8Shanghai
100%
India18.4Delhi
95%
United Kingdom8.9London
95%
United States8.6New York City
95%
Brazil6.7Rio de Janeiro
95%
South Korea9.7Seoul
95%
Japan13.9Tokyo
95%
Egypt5.2Alexandria
90%
Egypt9.5Cairo
90%
China/Hong Kong7.4Hong Kong
90%
Turkey14.6Istanbul
90%
Indonesia10.5Jakarta
90%
Nigeria14.2Lagos
90%
Peru9.7Lima
90%
Mexico9.2Mexico City
90%
India12.4Mumbai
90%
Turkey5.6Ankara
85%
Iraq8.1Baghdad
85%
Thailand10.5Bangkok
85%
Colombia7.4Bogota
85%
China18.6Guangzhou
85%
D.R.C.14.9Kinshasa
85%
Saudi Arabia7.6Riyadh
85%
Brazil12.1Sao Paulo
85%
Singapore5.6Singapore
85%
China8.8Wuhan
85%
China7.1Xi'an
85%
Morocco5.1Casablanca
80%
Bangladesh8.9Dhaka
80%
Vietnam8.9Ho Chi Minh City
80%
Pakistan14.9Karachi
80%
Pakistan11.1Lahore
80%
Russia5.3Saint Petersburg
80%
Chile6.2Santiago de Chile
80%
Iran8.8Tehran
80%
India8.4Bangalore
75%
India7.0Chennai
75%
Tanzania6.4Dar es Salaam
75%
India9.4Hyderabad
70%
India5.6Ahmedabad
65%
China11.2Chengdu
65%
China10.9Tianjin
65%
China22.5Chongqing
60%
China14.6Shenzhen
60%
China9.1Hangzhou
55%
China6.5Nanjing
55%
China5.1Harbin
50%
China5.9Qingdao
50%
India6.1Surat
45%
Myanmar5.1Rangoon
40%
China8.2Shenyang
40%
China8.2Dongguan
30%
China5.3Shantou
30%
China6.7Zhengzhou
30%
China7.1Foshan
10%

Score Distribution

Percentile by Number Answered

Percent of People with Each Score

Your Score History

You have not taken this quiz